[Event "Zuerich Seniors op 08th"]
[Site "Zuerich"]
[Date "2010.02.??"]
[Round "?"]
[White "Bernegger, Willi"]
[Black "Forrer, Paul"]
[Result "1/2-1/2"]
[WhiteElo "1559"]
[BlackElo "1477"]
[PlyCount "48"]
[EventDate "2010.01.25"]
[EventType "swiss"]
[EventRounds "9"]
[EventCountry "SUI"]
[SourceTitle "EXT 2022"]
[Source "ChessBase"]
[SourceDate "2021.10.06"]
[SourceVersion "1"]
[SourceVersionDate "2021.10.06"]
[SourceQuality "1"]

1. e4 c6 2. d4 d5 3. Nc3 e6 4. Bd3 Be7 5. e5 Nd7 6. Bd2 c5 7. Bb5 a6 8. Bxd7+ Bxd7 9. Be3 c4 10. Nce2 b5 11. c3 a5 12. Nf3 b4 13. 0-0 Rb8 14. Rb1 bxc3 15. bxc3 f6 16. Qc2 f5 17. Rxb8 Qxb8 18. Rb1 Qc7 19. Qb2 Kf7 20. Qb6 Qxb6 21. Rxb6 Bd8 22. Rb7 Ke8 23. Rb8 Ne7 24. Bg5 Nc6 1/2-1/2

[Event "Zuerich Seniors op 08th"]
[Site "Zuerich"]
[Date "2010.01.27"]
[Round "3"]
[White "Brand, Michel"]
[Black "Forrer, Paul"]
[Result "1-0"]
[WhiteElo "1583"]
[BlackElo "1477"]
[PlyCount "55"]
[EventDate "2010.01.25"]
[EventType "swiss"]
[EventRounds "9"]
[EventCountry "SUI"]
[SourceTitle "EXT 2022"]
[Source "ChessBase"]
[SourceDate "2021.10.06"]
[SourceVersion "1"]
[SourceVersionDate "2021.10.06"]
[SourceQuality "1"]

1. c4 e5 2. Nc3 Bb4 3. Nd5 Be7 4. d3 Nf6 5. Nxe7 Qxe7 6. Nf3 Nc6 7. g3 0-0 8. Bg2 Rd8 9. 0-0 d5 10. cxd5 Nxd5 11. Bg5 f6 12. Bd2 Re8 13. a3 Rb8 14. Ne1 Be6 15. Nc2 Nd4 16. Nb4 Nxb4 17. Bxb4 c5 18. Bc3 Nb5 19. Rc1 b6 20. Qa4 Nxc3 21. Rxc3 Red8 22. Qc2 Bd5 23. Bxd5+ Rxd5 24. Qb3 Qd6 25. e4 c4 26. Qxc4 b5 27. Qxd5+ Qxd5 28. exd5 1-0

[Event "Zuerich Seniors op 05th"]
[Site "Zuerich"]
[Date "2007.01.23"]
[Round "3"]
[White "Forrer, Paul"]
[Black "Blindenbacher, Walter"]
[Result "1-0"]
[WhiteElo "1487"]
[BlackElo "1355"]
[PlyCount "72"]
[EventDate "2007.01.22"]
[EventType "swiss"]
[EventRounds "9"]
[EventCountry "SUI"]
[SourceTitle "EXT 2022"]
[Source "ChessBase"]
[SourceDate "2021.10.06"]
[SourceVersion "1"]
[SourceVersionDate "2021.10.06"]
[SourceQuality "1"]

1. e4 e5 2. Nf3 Nc6 3. Bc4 f6 4. c3 Qe7 5. b4 a6 6. Ba3 b5 7. Bb3 d6 8. Bd5 Bb7 9. Qb3 Nh6 10. 0-0 Rb8 11. c4 Nd8 12. Nc3 c6 13. cxb5 cxd5 14. bxa6 Bxa6 15. Qa4+ Bb5 16. Nxb5 Kf7 17. Rac1 Rb7 18. exd5 Qd7 19. Nc3 Ra7 20. Qxd7+ Rxd7 21. Rb1 g5 22. b5 Nb7 23. Rb3 Be7 24. Rfb1 Rb8 25. Na4 Bd8 26. d4 e4 27. Nd2 Nf5 28. Nxe4 Re7 29. Nac3 Nxd4 30. Nxd6+ Kg6 31. Nxb7 Rexb7 32. R3b2 Ba5 33. Bb4 Bd8 34. Bc5 Ne6 35. dxe6 Be7 36. Bxe7 Rxe7 1-0

[Event "Zuerich Seniors op 3rd"]
[Site "Zuerich"]
[Date "2005.01.27"]
[Round "4"]
[White "Kammermann, Hans"]
[Black "Forrer, Paul"]
[Result "0-1"]
[WhiteElo "1405"]
[BlackElo "1500"]
[PlyCount "105"]
[EventDate "2005.01.24"]
[EventType "swiss"]
[EventRounds "9"]
[EventCountry "SUI"]
[SourceTitle "EXT 2007"]
[Source "ChessBase"]
[SourceDate "2006.11.23"]
[SourceVersion "1"]
[SourceVersionDate "2006.11.23"]
[SourceQuality "1"]

1. e4 c6 2. c4 e5 3. d4 Bb4+ 4. Nc3 exd4 5. Qxd4 c5 6. Qxg7 Qf6 7. Qxf6 Nxf6 8. Bd3 Rg8 9. g3 b6 10. f3 Bb7 11. a3 Bxc3+ 12. bxc3 Nc6 13. Bf4 Nh5 14. Ne2 Nxf4 15. Nxf4 Ne5 16. Be2 Ba6 17. Nd5 Kd8 18. Ne3 Rb8 19. a4 Bb7 20. a5 Kc7 21. a6 Bc6 22. Rd1 Rbd8 23. Kf2 Rgf8 24. Nd5+ Bxd5 25. Rxd5 Nc6 26. g4 Ne7 27. Rh5 Rh8 28. h4 Ng6 29. Rf5 Rdf8 30. h5 Ne7 31. Re5 Nc6 32. Rg5 Rhg8 33. Rxg8 Rxg8 34. f4 Nd8 35. e5 Ne6 36. Kf3 d6 37. Ke4 dxe5 38. Kxe5 Re8 39. Kf5 Nxf4 40. Kxf4 Rxe2 41. Rf1 Ra2 42. Kg5 Rxa6 43. Rxf7+ Kd6 44. Rxh7 Ra3 45. Kh6 Rxc3 46. Rxa7 Rxc4 47. g5 Re4 48. Rg7 c4 49. g6 c3 50. Rc7 Kxc7 51. g7 Re8 52. Kh7 c2 53. g8Q 0-1